ses croissance éco - Statistiques

Statistiques générales
  • Ce quiz a été pris 104 fois
  • Le résultat moyen est 7 sur 21
Statistiques - réponses
Hint Réponse % Correct
La croissance économique Correspond à l'augmentation soutenue pendant une ou
plusieurs périodes longues du PIB exprimé en valeur ou volume (annulation de l’effet de la variation
des prix).
55%
Le processus de destruction créatrice A pour effet de rendre obsolètes les secteurs anciens de
production ou les anciens produits et de les remplacer par de nouveaux secteurs et de nouveaux
produits qui relancent la croissance à long terme
49%
Les externalités négatives Correspondent aux effets négatifs sur le bien-être d’agents économiques
causés par l’action (consommation ou production) d’autres agents économiques sans que le marché ne
la sanctionne négativement.
47%
Un investissement Consiste en l’acquisition de moyens de production (matériels, immatériels,
financiers etc.). Théoriquement, on distingue l’investissement :
-de remplacement (ou de renouvellement) qui a pour but de maintenir l'activité à son niveau
actuel ;
-de capacité (ou d'expansion) qui a pour but d'augmenter la capacité de production de
l'entreprise en ajoutant par exemple des unités de production ;
- de productivité (ou modernisation) qui a pour but d'accroître la productivité en introduisant
des équipements plus modernes, plus perfectionnés.
45%
Le brevet Donne une protection juridique à l’innovateur qui lui donne un monopole (ou rente de
monopole), et donc la possibilité d’une tarification incluant les coûts de la recherche.
45%
Le capital public Correspond à l’ensemble des infrastructures publiques offertes par l’Etat et les
collectivités locales (Ecole, universités, routes, canaux, aéroports,…).
43%
La croissance endogène Explique la croissance par des variables économiques internes au modèle, et
non par une variable exogène « inexpliquée ». La croissance est dite endogène quand on considère que
c’est un phénomène volontaire, cumulatif et auto-entretenu
40%
L'innovation de produit Correspond à la mise au point et/ou la commercialisation d'un produit nouveau
(innovation radicale) ou d'un produit existant mais incorporant une nouveauté (innovation
incrémentale).
36%
La croissance économique extensive Correspond à l’augmentation durable de la production obtenue
par l’augmentation de la quantité des facteurs de production, c’est-à-dire l’augmentation de la quantité
de travail et l’augmentation de la quantité de capital.
36%
L'innovation de procédé Correspond à la mise au point ou à l'adoption de méthodes de production ou
de distribution nouvelles ou considérablement améliorées.
34%
La croissance intensive Correspond à l’augmentation durable de la production obtenue principalement
par l’augmentation de la productivité des facteurs de production (travail et capital) et non sur la simple
augmentation de la quantité des facteurs.
34%
Le facteur travail Désigne l’ensemble des heures de travail effectuées par la population active occupée
34%
Le capital technologique Correspond au stock des connaissances scientifiques et techniques
permettant d’accroître la productivité globale des facteurs ou de créer de nouveaux produits.
32%
Les institutions Se composent de contraintes formelles (comme les règles, les lois, les contrats), de
contraintes informelles (comme des normes de comportement, des conventions, des codes de
conduite auto-imposés) et des caractéristiques de leur application.
32%
La soutenabilité Exprime l’idée que pour que la croissance soit durable, les choix des générations
actuelles concernant le bien être ne doivent pas être préjudiciables au bien être des générations
futures
30%
Une polarisation des emplois Fait du progrès technique a pour conséquence la hausse simultanée
de la part des emplois aux deux extrémités de l’échelle de distribution des salaires
23%
La productivité globale des facteurs Peut se définir comme le rapport entre une production et les
ressources mises en œuvre pour l’obtenir. Elle permet de mesurer l'efficacité de la combinaison
productive
23%
Le capital humain Se définit comme l'ensemble des capacités productives qu'un individu acquiert par
l'accumulation de connaissances ou de savoir-faire généraux ou spécifiques
21%
Le facteur capital Regroupe les biens ou services qui peuvent être utilisés
lors de plusieurs cycles de production. Il s'agit des machines, des outils, des matériels de transport, des
logiciels.
19%
Le capital physique Correspond au capital fixe et le capital circulant des entreprises privées
13%
Le droit de propriété Signifie le pouvoir disposer d’un bien ou d’un service économique librement et
dans le cadre de la loi, d’en retirer les éventuels revenus et de pouvoir le céder
13%
Aucun quiz correspondant
Distribution des résultats
% des personnes avec chaque résultat
Percentile par nombre de réponses
Votre historique - résultats
Vous n’avez pas pris ce quiz